| 000 | 00465cam a2200193 4500 | ||
|---|---|---|---|
| 001 | D11958 | ||
| 008 | 090401t1970 xxu||||| |||| 00| 0 eng d | ||
| 035 | _a(Sirsi) u399 | ||
| 041 | _aeng | ||
| 050 | _a346.4104344 | ||
| 100 | _aAldridge, Trevor M. | ||
| 245 | _aRent control and leasehold enfranchisement. | ||
| 250 | _a3rd | ||
| 260 |
_aLondon _bOyez Publication _c1970 |
||
| 300 | _axxiv,161p. ; 21cm. | ||
| 350 | _a0 | ||
| 942 | _n0 | ||
| 948 | _c04/03/1997 | ||
| 999 |
_c85550 _d85550 |
||